000
00296nam a22001337a 4500
008
181016b xxu||||| |||| 00| 0 eng d
020
_a
2900073316719
041
_a
eng
080
_2
3rd
_a
940
100
_a
16
101
_a
SHH
245
_a
The West in the World
_c
Sherman,D
942
_2
udc
_c
BK
999
_c
49874
_d
49874